000 00526nam a2200217Ia 4500
003 OSt
005 20220919111534.0
008 210210b1991 xxu||||| |||| 00| 0 eng d
020 _a0 7069 6130 7
040 _cAL
041 _aenglish
082 _a658.15 PANF
100 _aPANDEY (I M)
_957879
245 _aFinancial management
250 _a5
260 _aNew Delhi.
_bVikas Publishing House Pvt Ltd.,
_c1991
300 _axv,1103
690 _aFinancial Management
_957880
906 _a046020
942 _2ddc
_cBK
999 _c95653
_d95653